| 000 | 00645nam a2200193Ia 4500 | ||
|---|---|---|---|
| 003 | GCL | ||
| 008 | 140319s9999 xx 000 0 ara d | ||
| 040 |
_aGCL / _cGCL |
||
| 082 | 0 | 4 |
_aد _b050 _bد هـ |
| 245 | 1 | 0 | _aالهلال اكتوبر 2001 : امريكا الانتقام بدلا من العدل |
| 260 |
_aالقاهرة : _bدار الهلال للطباعة والنشر ، _c2001 |
||
| 650 | 0 | 4 | _aالتصوف |
| 650 | 0 | 4 | _aافغانستان |
| 650 | 0 | 4 | _aالحضارة الفرعونية |
| 650 | 0 | 4 | _aالانتفاضة |
| 650 | 0 | 4 | _aالكتاب |
| 650 | 0 | 4 | _aمكتبة الاسكندرية الجديدة |
| 942 |
_2ddc _cCR |
||
| 999 |
_c6747 _d6747 |
||